Elektrochemická oxidácia železa v prostredí tavenín

Na minha lista:
Detalhes bibliográficos
Autor principal: Novák, Bronislav
Formato: Software Livro
Idioma:eslovaco
Publicado em: Bratislava STU FCHPT 2010
Acesso em linha:View in OPAC
Tags: Adicionar Tag
Sem tags, seja o primeiro a adicionar uma tag!

MARC

LEADER 00000nam a2200000 a 4500
005 20260127134014.0
007 co ugu
008 100719 2010 xo 000 0 slo d
035 |a vtls010115832 
039 9 |y 201007190755  |z mschk03 
040 |a STUSCHK1  |b slo  |c STUSCHK1  |e AACR2 
100 1 |a Novák, Bronislav 
245 1 |a Elektrochemická oxidácia železa v prostredí tavenín  |c Bronislav Novák 
260 |a Bratislava  |b STU FCHPT  |c 2010 
300 |a 1 elektronický disk 
500 |a Obháj.: 7.6. 2010 
500 |a Študijný program: chemické technológie 
500 |a Študijný odbor: 5.2.18 chemické technológie 
500 |a Miesto vypracovania: Oddelenie anorganickej technológie, FCHPT STU 
500 |a Evidenčné číslo: FCHPT-5439-26389 
500 |a diplomová práca na CD-ROMe 
910 |a SCHK95 
999 |c 1961  |d 1961